| 000 | 01358nam a2200361 a 4500 | ||
|---|---|---|---|
| 001 | ebr10063471 | ||
| 003 | CaPaEBR | ||
| 006 | m u | ||
| 007 | cr cn||||||||| | ||
| 008 | 010228s2002 enk sb 001 0 eng | ||
| 010 | _z 2001025498 | ||
| 020 | _z0521804353 | ||
| 020 | _z0521009774 (pb.) | ||
| 040 |
_aCaPaEBR _cCaPaEBR |
||
| 035 | _a(OCoLC)56032554 | ||
| 050 | 1 | 4 |
_aP96.M36 _bB35 2002eb |
| 082 | 0 | 4 |
_a302.23 _221 |
| 100 | 1 | _aBaker, C. Edwin. | |
| 245 | 1 | 0 |
_aMedia, markets, and democracy _h[electronic resource] / _cC. Edwin Baker. |
| 260 |
_aCambridge ; _aNew York : _bCambridge University Press, _c2002. |
||
| 300 | _axiv, 377 p. | ||
| 490 | 1 | _aCommunication, society, and politics | |
| 504 | _aIncludes bibliographical references (p. 309-364) and index. | ||
| 533 |
_aElectronic reproduction. _bPalo Alto, Calif. : _cebrary, _d2013. _nAvailable via World Wide Web. _nAccess may be limited to ebrary affiliated libraries. |
||
| 650 | 0 |
_aMass media _xMarketing. |
|
| 650 | 0 |
_aMass media _xPolitical aspects. |
|
| 650 | 0 | _aDemocracy. | |
| 650 | 0 | _aFreedom of the press. | |
| 655 | 7 |
_aElectronic books. _2local |
|
| 710 | 2 | _aebrary, Inc. | |
| 830 | 0 | _aCommunication, society, and politics. | |
| 856 | 4 | 0 |
_uhttp://site.ebrary.com/lib/rucke/Doc?id=10063471 _zAn electronic book accessible through the World Wide Web; click to view |
| 999 |
_c47261 _d47261 |
||